Guess 80 Tottenham footballers by image - Statistics

General Stats
  • This quiz has been taken 315 times
  • The average score is 52 of 80
Answer Stats
Picture Answer % Correct
Dele Alli
97%
Richarlison
96%
Pierre-Emile Højbjerg
94%
Heung-min Son
92%
Joe Hart
92%
Christian Eriksen
91%
Harry Kane
91%
Luka Modrić
91%
Gareth Bale
90%
Hugo Lloris
90%
Lucas Moura
90%
Kyle Walker
89%
Cristian Romero
88%
Kieran Trippier
88%
Eric Dier
87%
Ivan Perisic
87%
Peter Crouch
87%
Dejan Kulusevski
85%
Erik Lamela
84%
Sol Campbell
81%
Clement Lenglet
80%
Dimitar Berbatov
80%
Jan Vertonghen
80%
Toby Alderweireld
80%
Emmanuel Adebayor
78%
Fraser Forster
78%
Tanguy Ndombele
78%
Jermain Defoe
77%
Sergio Reguilón
77%
Rodrigo Bentancur
76%
Ben Davies
75%
Bryan Gil
73%
Davinson Sánchez
73%
Serge Aurier
73%
Clint Dempsey
72%
Emerson Royal
71%
Giovani Lo Celso
70%
Moussa Sissoko
70%
Fernando Llorente
69%
Oliver Skipp
69%
Harry Winks
67%
Rafael van der Vaart
67%
Robbie Keane
67%
Steven Bergwijn
65%
Danny Rose
64%
Gary Lineker
61%
Paulinho
61%
Victor Wanyama
61%
Aaron Lennon
60%
Matt Doherty
60%
Paul Gascoigne
60%
Yves Bissouma
60%
Gylfi Sigurðsson
59%
Pape Matar Sarr
59%
Ryan Sessegnon
59%
Roberto Soldado
56%
William Gallas
53%
Japhet Tanganga
52%
Michel Vorm
52%
Nacer Chadli
52%
Ledley King
51%
Heurelho Gomes
50%
Jürgen Klinsmann
50%
David Ginola
49%
Teddy Sheringham
46%
Kevin-Prince Boateng
45%
Michael Dawson
45%
Benoît Assou-Ekotto
44%
Federico Fazio
40%
Jimmy Greaves
40%
Sandro
40%
Roman Pavlyuchenko
35%
Vedran Ćorluka
35%
Tom Huddlestone
34%
Younes Kaboul
34%
Glenn Hoddle
32%
Osvaldo Ardiles
31%
Pat Jennings
27%
Ray Clemence
21%
Steve Perryman
17%
No matching quizzes found
Score Distribution
Percent of People with Each Score
Percentile by Number Answered
Your Score History
You have not taken this quiz